LEADER 01712nam 2200421 a 450 001 9910697949303321 005 20240105005125.0 035 $a(CKB)5470000002393500 035 $a(OCoLC)298261081 035 $a(EXLCZ)995470000002393500 100 $a20090113d2007 ua z 101 0 $aeng 135 $aurcn||||m|||| 181 $ctdi$2rdacontent 182 $cc$2rdamedia 183 $acr$2rdacarrier 200 00$aMarine accident report$b[electronic resource] $efire aboard construction barge Athena 106, West Cote Blanche Bay, Louisiana, October 12, 2006 210 1$a[Washington, D.C.] :$cNational Transportation Safety Board,$d[2007] 215 $a1 electronic document $cHTML, digital, SWF file 225 1 $aBoard meeting animation 300 $aTitle from HTML title screen (viewed Jan. 8, 2009). 300 $aAnimation available as both streaming and downloadable Flash video file (3 min., 16 sec., SWF file, sd., col.). 517 $aMarine accident report 606 $aBarges$xEquipment and supplies$xAccidents$zLouisiana$zWest Cote Blanche Bay$vCase studies 606 $aBarges$xFires and fire prevention$zLouisiana$zWest Cote Blanche Bay$vCase studies 606 $aMarine accidents$zLouisiana$zWest Cote Blanche Bay$vCase studies 608 $aAnimated films.$2lcgft 608 $aStreaming videos.$2lcgft 615 0$aBarges$xEquipment and supplies$xAccidents 615 0$aBarges$xFires and fire prevention 615 0$aMarine accidents 712 02$aUnited States.$bNational Transportation Safety Board. 801 0$bGPO 801 1$bGPO 906 $aBOOK 912 $a9910697949303321 996 $aMarine accident report$93438146 997 $aUNINA